000 00380 a2200109 4500
001 ART_12769
005 20260410161733.0
008 260409a
245 1 0 _aLa reforma del estado a traves de la desregulación y privatización de empresas públicas
100 1 _aFrediani, Ramón O.
773 0 _tEjecutivos de finanzas
_g- Año 7, Nº 56 (jun. 1989)
_wREV2863
999 _c18019
_d18019